000 00548nam a2200205Ia 4500
005 20250508170015.0
008 008 250505s9999 xx 000 0 hin d
020 _a978-93-5000-495-1
037 _aTextual
040 _aFEDL
_beng
_cFEDL
041 _ahin
_2hin
084 _a891.431, BAL
_qFEDL
100 _aBali Tarak Nath
245 0 _aPashchatya kavyashastra
260 _aNew Delhi, India
_bVani Prakashan
_c2017
300 _a328p.
365 _aINR
_b5
942 _cTEXL
_h891.431, BAL
999 _c1398648
_d1398648